000 00200nam a22000857a 4500
008 160909b xxu||||| |||| 00| 0 eng d
100 _9344
_aCBSE
245 _aEconomics-XII
260 _aNew Delhi
_bCBSE
_c2011
999 _c3004
_d3004